Báo cáo quy hoạch phát triển nông nghiệp - nông thôn và chuyển đổi cơ cấu cây trồng vật nuôi huyện Kế sách - Sóc Trăng đến năm 2010 và tầm nhìn đến 2020
Đã lưu trong:
| Formáid: | Leabhar |
|---|---|
| Teanga: | Undetermined |
| Foilsithe: |
Trường Đại học Cần Thơ
Viện Nghiên cứu Phát triển Đồng Bằng Sông Cửu Long
2005
|
| Ábhair: | |
| Clibeanna: |
Cuir Clib Leis
Gan Chlibeanna, Bí ar an gcéad duine leis an taifead seo a chlibeáil!
|
| Thư viện lưu trữ: | Trung tâm Học liệu Trường Đại học Cần Thơ |
|---|
| LEADER | 00778nam a2200181Ia 4500 | ||
|---|---|---|---|
| 001 | CTU_124632 | ||
| 008 | 210402s9999 xx 000 0 und d | ||
| 082 | |a 338.1 | ||
| 082 | |b B108 | ||
| 245 | 0 | |a Báo cáo quy hoạch phát triển nông nghiệp - nông thôn và chuyển đổi cơ cấu cây trồng vật nuôi huyện Kế sách - Sóc Trăng đến năm 2010 và tầm nhìn đến 2020 | |
| 260 | |a Trường Đại học Cần Thơ | ||
| 260 | |b Viện Nghiên cứu Phát triển Đồng Bằng Sông Cửu Long | ||
| 260 | |c 2005 | ||
| 650 | |a Agriculturre | ||
| 650 | |x Economic aspects | ||
| 650 | |z Soc Trang province | ||
| 904 | |i M. Loan | ||
| 980 | |a Trung tâm Học liệu Trường Đại học Cần Thơ | ||